000 00538nam a22001817a 4500
003 PACU
005 20161014123151.0
008 161014b xxu||||| |||| 00| 0 eng d
020 _a978-9966-1928-2-0
040 _cPACU
050 _aHD983
_b.Z7L8 2016
100 _aFibian,Lukalo
245 _aExploring the status of settlement schemes in Kenya
_cFibian Lukalo,Samuel Odari
260 _aNairobi,Kenya
_bNational Land commission
_c2016
300 _a34p.;
_bill
_c23cm
650 _aLand
_bSettlement schemes
_zKenya
942 _2lcc
_cSPEC
999 _c28614
_d28614